000 00865cam a2200265 a 4500
999 _c302
_d302
001 4363148
003 OSt
005 20210611074932.0
008 900820s1991 mnua b 001 0 eng
010 _a 90047053
020 _a0314769579 (soft)
040 _aDLC
_cDLC
_dDLC
050 0 0 _aBF121
_b.C624 1991
082 0 0 _a150
_220
100 1 _aCoon, Dennis.
245 1 0 _aEssentials of psychology /
_cDennis Coon.
250 _a5th ed.
260 _aSt. Paul, MN :
_bWest Pub. Co.,
_cc1991.
300 _axxxviii, 682, [84] p. :
_bill. (some col.) ;
_c26 cm.
504 _aIncludes bibliographical references (p. [45]-[75], 2nd group) and index.
650 0 _aPsychology
_vTextbooks.
906 _a7
_bcbc
_corignew
_d1
_eocip
_f19
_gy-gencatlg
942 _2lcc
_cBK
_nSO